000 00494nam a2200193Ia 4500
005 20250326124354.0
008 250326s9999 xx 000 0 und d
037 _aTextbook
040 _aFMSL
_beng
_cFMSL
041 _aeng
_2eng
084 _aX:77 K5
_qFMSL
100 _aKindleberger C P
245 0 _aEconomic development
_cKindleberger C P
250 _a2
260 _aNY
_bNY, McGraw-Hill
_c1965
300 _a425p
942 _cTB
_hX:77 K5
999 _c1273466
_d1273466